Le portail / (Record no. 3619)
[ view plain ]
| 000 -LEADER | |
|---|---|
| fixed length control field | 02586cam a2200325 a 4500 |
| 001 - CONTROL NUMBER | |
| control field | 3619 |
| 003 - CONTROL NUMBER IDENTIFIER | |
| control field | FISKH |
| 005 - DATE AND TIME OF LATEST TRANSACTION | |
| control field | 20240328135208.0 |
| 008 - FIXED-LENGTH DATA ELEMENTS--GENERAL INFORMATION | |
| fixed length control field | 000908s2000 fr 000 0dfre |
| 010 ## - LIBRARY OF CONGRESS CONTROL NUMBER | |
| LC control number | 2001318428 |
| 020 ## - INTERNATIONAL STANDARD BOOK NUMBER | |
| International Standard Book Number | 2710309742 |
| 035 ## - SYSTEM CONTROL NUMBER | |
| System control number | (FrPJT)JTL00052842 |
| 040 ## - CATALOGING SOURCE | |
| Original cataloging agency | DLC |
| Transcribing agency | DLC |
| Language of cataloging | eng |
| Modifying agency | FISKH |
| 043 ## - GEOGRAPHIC AREA CODE | |
| Geographic area code | a-cb--- |
| 050 00 - LIBRARY OF CONGRESS CALL NUMBER | |
| Classification number | DS554.8 |
| Item number | .B65 2000 |
| 082 ## - DEWEY DECIMAL CLASSIFICATION NUMBER | |
| Classification number | 959.604 |
| 100 1# - MAIN ENTRY--PERSONAL NAME | |
| Personal name | Bizot, François |
| 245 13 - TITLE STATEMENT | |
| Title | Le portail / |
| Statement of responsibility, etc. | François Bizot ; préface de John Le Carré. |
| 260 ## - PUBLICATION, DISTRIBUTION, ETC. | |
| Place of publication, distribution, etc. | Paris : |
| Name of publisher, distributor, etc. | Table ronde, |
| Date of publication, distribution, etc. | c2000. |
| 300 ## - PHYSICAL DESCRIPTION | |
| Extent | 397 pages : |
| Other physical details | illustrations ; |
| Dimensions | 21 cm. |
| 520 ## - SUMMARY, ETC. | |
| Summary, etc. | "A literary and historical tour de force: what one man saw and did in a land of pristine beauty on the eve of one of the twentieth century's most barbaric spectacles." "In 1971, Francois Bizot was a young French scholar of Khmer pottery and Buddhist ritual working in rural Cambodia. Now, more than thirty years later, he has summoned up the unbearable memory of that moment, letting us see as never before those years leading inexorably to genocide. Perfectly recalled, indelibly written, The Gate recounts the nightmare of Bizot's arrest and captivity on suspicion of being an American spy, and his nearly miraculous survival as the only Westerner ever to escape a Khmer Rouge prison. It is the story, as well, of Bizot's unlikely friendship with his captor, Douch - a figure today better remembered as a ruthless perpetrator of the then-looming terror, about which Bizot tried, without success, to warn his government." "Bizot's experience to that point would itself have merited report. But upon his return to Cambodia four years later, chance ordained a second remarkable act in this drama. As the sole individual fluent in both French and Khmer, Bizot found himself playing the intermediary in a surreal standoff when the Communist-backed guerillas now ascendant, laid siege to the French Embassy compound in Phnom Penh. Finally it would fall to Bizot to lead the desperate retreat of the colonial population: here he recounts how he helped the remaining Westerners - and any Cambodians he could - to escape the doomed capital."--BOOK JACKET. |
| 600 10 - SUBJECT ADDED ENTRY--PERSONAL NAME | |
| Personal name | Bizot, François. |
| 650 #0 - SUBJECT ADDED ENTRY--TOPICAL TERM | |
| Topical term or geographic name entry element | Communism |
| Geographic subdivision | Cambodia. |
| 650 #0 - SUBJECT ADDED ENTRY--TOPICAL TERM | |
| Topical term or geographic name entry element | Political atrocities |
| Geographic subdivision | Cambodia. |
| 651 #0 - SUBJECT ADDED ENTRY--GEOGRAPHIC NAME | |
| Geographic name | Cambodia |
| General subdivision | History |
| Chronological subdivision | 1953-1975. |
| 651 #0 - SUBJECT ADDED ENTRY--GEOGRAPHIC NAME | |
| Geographic name | Cambodia |
| General subdivision | History |
| Chronological subdivision | 1975-1979. |
| 906 ## - LOCAL DATA ELEMENT F, LDF (RLIN) | |
| a | 7 |
| b | cbc |
| c | origres |
| d | 3 |
| e | ncip |
| f | 20 |
| g | y-gencatlg |
| 942 ## - ADDED ENTRY ELEMENTS (KOHA) | |
| Source of classification or shelving scheme | Dewey Decimal Classification |
| Koha item type | Books |
| Suppress in OPAC | No |
| Withdrawn status | Lost status | Source of classification or shelving scheme | Damaged status | Not for loan | Collection | Home library | Current library | Shelving location | Date acquired | Total Checkouts | Full call number | Barcode | Date last seen | Price effective from | Koha item type |
|---|---|---|---|---|---|---|---|---|---|---|---|---|---|---|---|
| Dewey Decimal Classification | Non-Fiction | Footprints International School Library Network Toul Kork Campus | Footprints International School Library Network Toul Kork Campus | TK Floor 4 Rear Hallway Shelf 1 (Adult/Secondary Foriegn Language/Khmer) | 03/28/2024 | BIZ 959.604 DS554.B6513 | 2024-0419 | 03/28/2024 | 03/28/2024 | Books |
